| 000 | 00440nam a22001817a 4500 | ||
|---|---|---|---|
| 005 | 20260204151154.0 | ||
| 008 | 260204b |||||||| |||| 00| 0 eng d | ||
| 020 |
_a9788123928432 _c825.00 |
||
| 040 | _aMAIN | ||
| 041 | _aEnglish | ||
| 082 |
_a620.5 _bBRE |
||
| 100 |
_aBreck, W.M. _926188 |
||
| 245 | _aNanotechnology | ||
| 260 |
_aNew Delhi _bCBS _c2018 |
||
| 300 |
_a483 _bVol.2nd |
||
| 650 |
_aEnvironment Science _9310 |
||
| 942 | _cBK | ||
| 999 |
_c60228 _d60228 |
||